000 00855nam a2200253 i 4500
001 000032940
003 DO-SdBNP
005 20240409073643.0
007 ta
008 110802s1952 dr 000 0 spa d
040 _aDO-SdBNP
_bspa
_cBNPHU
_erda
082 4 _a923.17293
_bT866G
_222
100 1 _aGuzmán y Guzmán, Ramón María
_958687
_eautor
245 1 0 _aEntre comillas /
_cRamón María Guzmán y Guzmán.
264 _aCiudad Trujillo, Republica Dominicana :
_bIimpresora Dominicana,
_c1952.
300 _a97 páginas :
_bilustraciones ;
_c23 cm.
336 _2rdacontent
_atexto
_btxt
337 _2rdamedia
_asin mediación
_bn
338 _2rdacarrier
_avolumen
_bnc
590 _aInventariado, 2018/LP
600 1 0 _aTrujillo Molina, Rafael Leónidas,
_d 1891-1961
_976764
910 _aValidado. Control de calidad MFF
942 _2ddc
_cLBS1
999 _c32431
_d32431